000
00311nam a2200145Ia 4500
100
_a
Wonnacott R.J & T.H
942
_c
BK
654
_a
statistics
245
_a
Introductory statistics
260
_b
John wiley
_a
Singapore
_c
1985
082
_a
519.5
_b
WON
300
_a
649
546
_a
ENGLISH
999
_c
34584
_d
34584